Nuclear Physics
Saved in:
| Hovedforfatter: | |
|---|---|
| Format: | Bog |
| Sprog: | engelsk |
| Udgivet: |
Nueva York
McGraw-Hill
1955
|
| Fag: | |
| Tags: |
Tilføj Tag
Ingen Tags, Vær først til at tagge denne postø!
|
MARC
| LEADER | 00000nam a2200000 a 4500 | ||
|---|---|---|---|
| 001 | UCG1002 | ||
| 003 | CL-VaPUC | ||
| 008 | 100415e19550000US |||||||||||||||||eng|d | ||
| 082 | 0 | 4 | |a 539.7 |b GRE |2 21 |
| 100 | 0 | |a Green, Alex E. S |e author |9 548731 | |
| 245 | 1 | 0 | |a Nuclear Physics |
| 300 | |a 535 p | ||
| 942 | |c BK | ||
| 945 | |d 20100415 00:00:00 |a dcastane | ||
| 260 | |a Nueva York |b McGraw-Hill |c 1955 | ||
| 650 | 7 | |a FISICA NUCLEAR |2 CL-VaPUC |9 270366 | |
| 650 | 0 | |a Núcleos atómicos |9 357366 | |
| 650 | 7 | |a ISOTOPOS |2 CL-VaPUC |9 361760 | |
| 650 | 7 | |a RADIACION IONIZANTE |2 CL-VaPUC |9 313661 | |
| 650 | 7 | |a NEUTRONES |2 CL-VaPUC |9 313669 | |
| 650 | 0 | |a Cinética |9 260943 | |
| 583 | |a last modification |c 20100415 00:00:00 |k Rodrigo Vera | ||
| 999 | |c 340483 |d 340481 | ||
| 952 | |0 0 |1 0 |4 0 |6 539_700000000000000_GRE_1955 |7 0 |8 A |9 435253 |a BIBCUR |b BIBCUR |d 2019-11-22 |i 4648307 |o 539.7 GRE 1955 |p 4648307 |r 2025-04-22 |w 2019-11-22 |y BK |k FIS | ||